[Event "36th Zalakaros Festival 2017"]
[Site "Zalakaros"]
[Date "2017.05.25"]
[Round "8"]
[White "Nemeth, Miklos"]
[Black "Vajda, Levente"]
[Result "0-1"]
[WhiteElo "2451"]
[BlackElo "2600"]
[Annotator "TA"]
[PlyCount "106"]
[EventDate "2017.??.??"]
[EventType "swiss"]
[EventCountry "HUN"]
[SourceTitle "playchess.com"]
[Source "ChessBase"]
[SourceQuality "1"]

{[%evp 22,106,0,0,0,-14,-7,-122,-7,-27,0,-21,-19,-21,15,40,16,-10,0,-31,-25,-47,-33,-56,-51,-96,-64,-116,-118,-128,-128,-175,0,-127,87,104,92,-75,37,39,34,5,11,0,2,0,31,0,0,0,0,-11,-9,-53,-48,-61,-42,-79,-41,-50,-45,-89,-40,-40,-47,-121,-40,-208,-186,-331,-325,-458,-449,-437,-423,-29986,-29987,-29984,-29985,-29988,-29988,-29988,-29989,-29991,-29992,-29992,-29993]} 1. e4 e5 2. Nf3 Nc6 3. Bc4 Bc5 4. c3 Nf6 5. d3 O-O 6. O-O d6 7. Nbd2 a6 8. Bb3 Ba7 9. Re1 Ng4 10. Re2 {C54: Giuoco Piano: 4 c3 Nf6, main lines with 5 d4 and 5 d3} Kh8 11. Nf1 (11. h3 f5 12. exf5 Nh6 13. g4 Nxf5 14. gxf5 Bxf5 15. Ne4 d5 16. Ng3 Bxh3 17. Bg5 Qd6 {½-½ (67) Socko,B (2600)-Banusz,T (2621) Katowice 2016}) 11... f5 12. exf5 {LiveBook: 8 Games. The position is equal.} Bxf5 13. Ng3 (13. h3 $5 {[%cal Rh3g4]} Nxf2 14. Rxf2 Bxf2+ 15. Kxf2 $11) 13... Bg6 14. Be6 $146 (14. d4 $11 {remains equal.}) ({Predecessor:} 14. d4 exd4 15. Bg5 Nf6 16. cxd4 d5 17. Qd2 Bb6 {0-1 (47) Obregon Rivero,J (2410)-Sariego,W (2334) Ciego de Avila 2010}) 14... Nf6 (14... Nxf2 $1 $17 15. Rxf2 d5) 15. d4 Qe8 16. Bh3 Nh5 17. Ng5 Nf4 18. Bxf4 $1 Rxf4 19. Qd2 (19. Ne6 $5 {[%cal Re6f4]} Rf7 20. Ng5 $11) 19... Rh4 20. d5 Ne7 $36 {[%mdl 2048] Black has the initiative.} 21. Kh1 Bb6 (21... h6 $5 {[%cal Rh6g5]} 22. Ne6 Qf7 23. Nxc7 Rf8 $15) 22. Rd1 h6 23. N5e4 Bh7 24. Qe1 (24. Be6 $15) 24... Ng6 $17 25. Bf5 Nf4 {aiming for ...Bxf5.} 26. Red2 Bg6 $2 (26... Bxf5 $19 27. Nxf5 Rxh2+ $1 {[%mdl 512]} 28. Kxh2 Qh5+ 29. Kg1 Qxf5) 27. b4 (27. Bxg6 $11 Qxg6 28. f3) 27... Bh5 $2 (27... Bxf5 $1 $17 {and life is bright.} 28. Nxf5 Rxh2+ 29. Kxh2 Qh5+ 30. Kg1 Qxf5) 28. f3 $1 $16 Bg6 29. Nf1 $2 {[#]} (29. c4 $16 {keeps the pressure on.}) 29... Qe7 (29... Rxh2+ $1 $17 {[%mdl 512]} 30. Kxh2 (30. Nxh2 Bxf5) 30... Bxf5) 30. Bxg6 $14 Nxg6 31. g3 Rh5 {[%cal Bh4h5,Bh5f5,Bf5f7][%mdl 32]} 32. Ne3 Rf8 33. Qe2 Qd7 (33... Bxe3 $5 34. Qxe3 b5 $11) 34. c4 Bxe3 $1 35. Qxe3 Ne7 36. Qe2 Rhf5 37. Rd3 R5f7 38. Qg2 Nf5 39. Qh3 Qe7 40. Qg2 Nd4 {[%cal Rd4f3]} 41. f4 b6 42. Re1 Qd7 43. Nc3 {[#]} (43. Qd2 $15) 43... Qf5 ({Black should play} 43... g5 $1 $17 44. fxe5 dxe5) 44. Rd2 $2 (44. Ne4 $15) 44... g5 $19 45. Re4 (45. c5 $142) 45... gxf4 46. gxf4 (46. Rf2 {was worth a try.} f3 47. Qf1) 46... Rg7 47. Qf1 Rfg8 {( -> ...Qg4)} 48. Rd1 (48. Rf2 $19) 48... Qh5 {Black mates.} 49. Re3 Nf5 {[%cal Bd4f5,Bf5g3,Bg3e2,Be2c3][%mdl 32]} 50. Qf3 Ng3+ 51. Kg2 Ne2+ 52. Kf2 Qxh2+ 53. Ke1 Nxc3 {Precision: White = 21%, Black = 51%.} 0-1

[Event "36th Zalakaros Festival 2017"]
[Site "Zalakaros"]
[Date "2017.05.25"]
[Round "8"]
[White "Gazik, Viktor"]
[Black "Del Rey, Diego"]
[Result "1-0"]
[WhiteElo "2449"]
[BlackElo "2352"]
[Annotator "TA"]
[PlyCount "69"]
[EventDate "2017.??.??"]
[EventType "swiss"]
[EventCountry "HUN"]
[SourceTitle "playchess.com"]
[Source "ChessBase"]
[SourceQuality "1"]

{[%evp 14,69,51,25,46,15,29,-14,10,16,57,55,93,71,81,69,83,83,113,62,106,104,99,97,98,102,112,112,112,108,135,133,149,139,140,139,129,116,131,131,164,162,264,274,279,287,294,243,262,253,347,356,417,414,1371,0,335,318]} 1. d4 d6 2. Nf3 Nf6 3. g3 g6 4. Bg2 Bg7 5. O-O O-O 6. c4 c6 7. Nc3 Bf5 8. Re1 {LiveBook: 87 Games} d5 {E62: King's Indian: Fianchetto: 6...c6 and Panno Variation (6...Nc6) without ...a6} (8... Ne4 9. Nxe4 Bxe4 10. Bh3 d5 11. Ng5 Na6 12. a3 e6 13. b4 Bf5 14. Bxf5 exf5 15. c5 Nc7 16. Bf4 Nb5 17. Nf3 Nc3 {½-½ (62) Georgiadis,N (2473)-Caruana,F (2813) Germany 2016}) 9. Qb3 Qb6 10. Bg5 $146 {[%cal Rc4d5]} ({Predecessor:} 10. Qxb6 axb6 11. cxd5 Nxd5 12. Nxd5 cxd5 13. Bd2 Nc6 14. e3 Be4 15. Rec1 Rfc8 16. Ne1 Bxg2 17. Kxg2 {½-½ (43) Brynell,S (2498)-L'Ami,E (2615) Helsingor 2012}) 10... Qxb3 {The position is equal.} 11. axb3 Be6 12. Ne5 h6 13. cxd5 Nxd5 14. Bxd5 cxd5 15. Bxe7 Re8 16. Ba3 (16. Bd6 $16) 16... Bxe5 17. dxe5 Nc6 18. Nb5 Red8 19. Bd6 a6 20. Nc7 Rac8 21. b4 d4 22. Rec1 g5 23. Rc5 Rd7 24. b5 axb5 25. Nxb5 Rcd8 26. Nc7 Bh3 27. Nd5 {Black must now prevent Nf6+.} Rxd6 (27... Kg7 $142 28. Nb6 Rxd6 29. exd6 Rxd6) 28. exd6 $18 Rxd6 29. f3 d3 30. exd3 Nd4 {[#]} 31. Kf2 $1 Kg7 {With the idea ...Nb3.} 32. Nc7 Bd7 33. Rd5 Bh3 (33... Rxd5 $142 34. Nxd5 Be6) 34. Rc5 $2 (34. Rxd6 $18 Ne6 35. Nxe6+ Bxe6 36. Ra7) 34... Rb6 $2 {[%mdl 8192] [#]} (34... Bd7 $1 $11 {and Black is okay.}) 35. Ra2 {Precision: White = 67%, Black = 29%.} 1-0

[Event "36th Zalakaros Festival 2017"]
[Site "Zalakaros"]
[Date "2017.05.25"]
[Round "8"]
[White "Kreisl, Robert"]
[Black "Gara, Ticia"]
[Result "1-0"]
[WhiteElo "2448"]
[BlackElo "2329"]
[Annotator "TA"]
[PlyCount "45"]
[EventDate "2017.??.??"]
[EventType "swiss"]
[EventCountry "HUN"]
[SourceTitle "playchess.com"]
[Source "ChessBase"]
[SourceQuality "1"]

{[%evp 9,45,12,10,-6,7,-16,-15,-64,-39,-35,-34,-76,-67,-58,-72,-68,-93,-71,-52,-63,-18,-15,-31,-21,22,20,265,279,273,268,267,270,254,247,280,285,279,277]} 1. c4 c5 2. Nc3 g6 3. e3 (3. g3 Bg7 4. Bg2 Nc6 5. a3 e6 6. Rb1 Nge7 7. b4 d6 8. Nf3 O-O 9. O-O b6 10. e3 d5 11. bxc5 bxc5 12. Na4 Qd6 13. d3 Ba6 14. Qc2 Rab8 15. Rxb8 Rxb8 16. cxd5 Nxd5 17. e4 {½-½ (33) Ding,L (2773)-Svidler,P (2755) Moscow 2017}) 3... Bg7 4. d4 cxd4 5. exd4 Nf6 6. Bg5 {A34: Symmetrical English: 2 Nc3, lines with ...d5} d5 7. Qa4+ (7. Bxf6 $5 Bxf6 8. Nxd5 $11) 7... Bd7 8. Qb3 {The position is equal.} dxc4 $146 ({Predecessor:} 8... Nc6 9. O-O-O Na5 10. Qb4 dxc4 11. Nf3 O-O 12. Ne5 Be6 13. d5 Nxd5 14. Rxd5 Bxd5 15. Bxe7 {0-1 (62) Ivelinov,H (2243)-Melkumyan,H (2642) Golden Sands 2012}) 9. Bxc4 O-O 10. d5 Na6 11. Bxa6 bxa6 12. Nge2 Rb8 13. Qa3 Bg4 (13... Bb5 $5 14. O-O Bxe2 15. Nxe2 Qxd5 $17) 14. f3 Bf5 {With the idea ...Qb6.} 15. Rd1 $1 {[%cal Ba1d1,Bd1d6,Bd6f6][%mdl 32]} Qb6 16. d6 {[%cal Bd5d6,Bd6e7][%mdl 32]} Rfe8 17. dxe7 {Threatens to win with Rd6.} Rb7 $2 {[#]} (17... Be6 $11 {and Black has nothing to worry.}) 18. Rd6 $18 Qxb2 19. Qxb2 Rxb2 20. Bxf6 Bxf6 21. Rxf6 Rxe7 {White should prevent ...Bd3.} 22. Rd6 Be6 23. Rd2 {Precision: White = 47%, Black = 32%.} 1-0

[Event "36th Zalakaros Festival 2017"]
[Site "Zalakaros"]
[Date "2017.05.25"]
[Round "8"]
[White "Farago, Ivan"]
[Black "Rudolf, Michal"]
[Result "0-1"]
[WhiteElo "2411"]
[BlackElo "2340"]
[Annotator "TA"]
[PlyCount "102"]
[EventDate "2017.??.??"]
[EventType "swiss"]
[EventCountry "HUN"]
[SourceTitle "playchess.com"]
[Source "ChessBase"]
[SourceQuality "1"]

{[%evp 12,102,31,30,16,14,10,18,17,14,18,12,45,54,54,52,64,60,53,38,32,24,36,23,56,0,0,-13,-23,-141,-135,-159,-164,-156,-158,-212,-214,-207,-181,-189,-191,-164,-168,-168,-168,-168,-159,-189,-144,-167,-177,-175,-168,-192,-185,-215,-206,-204,-171,-168,-170,-192,-200,-220,-233,-278,-280,-275,-274,-278,-271,-278,-278,-272,-268,-259,-234,-318,-325,-347,-398,-396,-395,-375,-345,-490,-483,-529,-529,-710,-677,-1075,-1056]} 1. d4 e6 2. c4 b6 3. a3 Bb7 4. Nc3 Nf6 5. Nf3 Ne4 6. Nxe4 Bxe4 7. e3 {LiveBook: 128 Games} d5 {E12: Queen's Indian: Unusual White 4th moves, 4 a3, 4 Nc3 Bb7 5 a3 and 4 Nc3 Bb7} (7... Be7 8. Bd3 Bxd3 9. Qxd3 d6 10. O-O Nd7 11. e4 O-O 12. b4 a5 13. Bb2 Qc8 14. Rfe1 Re8 15. h3 Qb7 16. d5 Bf6 17. Bxf6 Nxf6 {1-0 (29) Ragger,M (2651)-Lysyj,I (2686) Wroclaw 2014}) 8. Bd3 Bd6 9. b4 (9. cxd5 $5 {[%cal Rd3e4]} exd5 10. Bxe4 dxe4 11. Nd2 $14) 9... O-O {The position is equal.} 10. O-O Nd7 $146 {[%cal Bb8d7,Bd7f6,Bf6d5,Bd5f4][%mdl 32]} ({Predecessor:} 10... a5 11. b5 c6 12. bxc6 Nxc6 13. Bxe4 dxe4 14. Nd2 f5 15. Bb2 f4 16. Qg4 Qf6 17. Nxe4 Qe7 18. Nxd6 Qxd6 19. c5 bxc5 20. dxc5 Qxc5 21. Qxg7# {1-0 (21) Turowski,P (1602)-Kaupat,T (1407) GER email 2012}) 11. Bb2 Qf6 12. Bxe4 dxe4 13. Nd2 $1 Qh6 {[%csl Gd6][%cal Rh6h2] [#]} 14. h3 f5 {[%cal Bf7f5,Bf5f4,Bf4e3][%mdl 32]} 15. Qa4 (15. c5 $5 Be7 16. Nc4 $14) 15... Nf6 $1 16. Qc6 {Hoping for c5.} f4 17. Nxe4 fxe3 18. Nxd6 (18. Nxf6+ $1 $14 Qxf6 19. fxe3) 18... cxd6 $40 {[%mdl 128] Black has some attack.} 19. Rae1 Rac8 $1 20. Qf3 {[#]} (20. Qb5 $11 {keeps the balance.}) 20... Nd5 $1 $17 21. Qe2 exf2+ 22. Rxf2 Rxf2 23. Kxf2 (23. Qxf2 $17 {was necessary.} Rxc4 24. Qe2) 23... Nf4 $19 24. Bc1 Nxe2 25. Bxh6 Nxd4 {[%mdl 4096] Endgame KRB-KRN} ({And not} 25... gxh6 26. Kxe2 Kf7 27. Kd3 $11) 26. Be3 Rf8+ 27. Kg1 Nc2 28. Re2 Nxa3 29. c5 Nc4 30. cxd6 Nxd6 31. Bd4 Re8 32. Rc2 Rc8 33. Ra2 Nb5 34. Be5 Rd8 35. Kh2 Rd7 36. Rc2 Kf7 37. Rc8 Rd5 38. Bb8 Rd4 39. Be5 Re4 ({Don't play} 39... Rxb4 40. Rb8 $19) 40. Ba1 Rxb4 41. Rb8 Nd4 42. Rb7+ Kf6 43. Rxa7 e5 {[%cal Be6e5,Be5e4,Be4e3][%mdl 32]} 44. Rb7 h5 45. Bc3 Rb3 46. Be1 b5 47. Ba5 Ne6 48. Rb6 (48. g3 {might work better.}) 48... e4 {Black is clearly winning.} 49. Be1 g5 {[%cal Bg7g5,Bg5g4][%mdl 32]} 50. h4 {Now hxg5+ and White clings on.} g4 51. Bg3 e3 {Precision: White = 55%, Black = 87%.} 0-1

[Event "36th Zalakaros Festival 2017"]
[Site "Zalakaros"]
[Date "2017.05.25"]
[Round "8"]
[White "Kozak, Adam"]
[Black "Gasanov, Eldar"]
[Result "1/2-1/2"]
[WhiteElo "2411"]
[BlackElo "2484"]
[Annotator "TA"]
[PlyCount "83"]
[EventDate "2017.??.??"]
[EventType "swiss"]
[EventCountry "HUN"]
[SourceTitle "playchess.com"]
[Source "ChessBase"]
[SourceQuality "1"]

{[%evp 17,83,15,46,46,56,31,30,0,12,0,7,0,25,18,20,21,33,41,57,16,26,12,19,15,24,17,41,35,45,41,36,41,35,41,41,36,58,34,56,53,56,37,44,45,50,17,18,22,19,23,24,2,40,39,33,18,12,12,16,16,25,10,10,10,10,0,8,0]} 1. d4 d6 2. Nf3 f5 3. g3 g6 4. Bg2 Bg7 5. O-O Nf6 6. c4 O-O 7. Nc3 e6 8. b3 Nc6 9. Bb2 Ne4 {LiveBook: 17 Games} 10. Nxe4 {A87: Dutch Defence: Leningrad System: 5 Nf3} (10. e3 Nxc3 11. Bxc3 Qe7 12. b4 e5 13. b5 Nd8 14. dxe5 dxe5 15. Qb3 Re8 16. Rad1 e4 17. Nd4 Nf7 {1-0 (45) Vazquez Igarza,R (2603)-Del Rio de Angelis,S (2520) Linares 2014}) 10... fxe4 11. Ne1 d5 12. Nc2 {White has an edge.} a5 $146 ({Predecessor:} 12... Ne7 13. Qd2 Nf5 14. Rad1 c6 15. f3 exf3 16. exf3 dxc4 17. bxc4 e5 18. dxe5 {0-1 (59) Meduna,E (2426)-Turner,J (2361) Czechia 2010}) 13. e3 a4 14. Qe2 (14. Rb1 {looks sharper.} axb3 15. axb3 Na5 16. Bc3 b6 17. f3) 14... axb3 15. axb3 Rxa1 16. Rxa1 Qf6 17. Bc3 b6 18. Qd2 Bb7 19. Ra2 Qf7 20. Qe2 h6 21. Na3 {[%cal Bc2a3,Ba3b5,Bb5c3][%mdl 32]} Ne7 22. Nb5 Nf5 23. Bb4 Ra8 24. Rxa8+ Bxa8 25. Qa2 Bc6 26. Nc3 Qe8 27. Bf1 Bf6 28. Qa7 {aiming for cxd5.} Qd7 29. c5 bxc5 30. Bxc5 Qc8 31. Ba6 (31. b4 {with more complications.} h5 32. b5 Bb7 33. Qa5 Kf7 34. h4) 31... Qa8 32. Qxa8+ Bxa8 33. Nb5 Bd8 $1 34. Ba7 c6 35. Nc3 Nd6 36. Bb8 Bb7 37. Be2 Be7 38. Na4 Nb5 39. Bxb5 cxb5 {The position is equal.} 40. Nc5 Bc8 41. Kf1 Bd8 42. Bd6 {Precision: White = 48%, Black = 49%.} (42. f3 $5) 1/2-1/2

[Event "36th Zalakaros Festival 2017"]
[Site "Zalakaros"]
[Date "2017.05.25"]
[Round "8"]
[White "Frolov, Artur"]
[Black "Raja Harshit"]
[Result "1/2-1/2"]
[WhiteElo "2410"]
[BlackElo "2334"]
[Annotator "TA"]
[PlyCount "57"]
[EventDate "2017.??.??"]
[EventType "swiss"]
[EventCountry "HUN"]
[SourceTitle "playchess.com"]
[Source "ChessBase"]
[SourceQuality "1"]

{[%evp 29,57,-42,-51,-35,-39,-42,0,0,0,-23,-4,-122,-134,-108,-55,-80,-72,-66,-75,-70,-64,-128,-162,-172,-81,-107,0,0,0,-656]} 1. e4 c5 2. Nf3 d6 3. d4 cxd4 4. Nxd4 Nf6 5. Nc3 a6 6. Be3 e5 7. Nb3 Be6 8. Qd2 Be7 9. f3 O-O 10. O-O-O Nbd7 11. g4 b5 12. g5 b4 13. Nd5 {B90: Sicilian Najdorf: Unusual White 6th moves, 6 Be3 Ng4 and 6 Be3 e5} (13. Ne2 Ne8 14. f4 a5 15. f5 a4 16. fxe6 axb3 17. exf7+ Rxf7 18. Kb1 bxc2+ 19. Qxc2 Bxg5 20. Bxg5 Qxg5 21. Ng3 Kh8 22. Bc4 Rf8 {1-0 (40) Duda,J (2678)-Wojtaszek,R (2746) Germany 2017}) 13... Nxd5 14. exd5 Bf5 15. Rg1 a5 {[%cal Ba6a5,Ba5a4][%mdl 32] LiveBook: 4 Games. Strongly threatening ...a4.} 16. Bd3 Bg6 17. Kb1 Nb6 $146 ({Predecessor:} 17... a4 18. Nc1 Qa5 19. h4 Bxd3 20. Nxd3 Qxd5 21. Nxb4 Qxf3 {½-½ (73) Makhnev,V (2310)-Vafin,N (2308) Kimry 2007}) 18. Qf2 Nd7 19. h4 a4 20. Nd2 (20. Nc1 $11) 20... Bxd3 $17 21. cxd3 b3 (21... Qa5 $17 22. f4 Qxd5) 22. Nc4 $15 bxa2+ 23. Ka1 Qb8 24. f4 f5 25. gxf6 (25. h5 $15) 25... Bxf6 $17 {Hoping for ...a3!} ({Don't play} 25... Rxf6 26. Qg2) 26. fxe5 Nxe5 (26... Bxe5 $19 {has better winning chances.} 27. Qg2 a3 28. Nxe5 axb2+ 29. Qxb2 Qxb2+ 30. Kxb2 Nxe5) 27. Bd4 Qb3 ({Better is} 27... a3 $17 {Threatens to win with ...Nf3!} 28. bxa3 Qc7) 28. Qg2 $1 $11 g6 {[#] aiming for ...a3.} 29. h5 $2 {[%mdl 40960] Precision: White = 48%, Black = 37%. . An unexpected result.} (29. Qe4 $11) 1/2-1/2

[Event "36th Zalakaros Festival 2017"]
[Site "Zalakaros"]
[Date "2017.05.25"]
[Round "8"]
[White "Juhasz, Armin"]
[Black "Szabo, Marton Mihaly"]
[Result "1/2-1/2"]
[WhiteElo "2410"]
[BlackElo "2298"]
[Annotator "TA"]
[PlyCount "49"]
[EventDate "2017.??.??"]
[EventType "swiss"]
[EventCountry "HUN"]
[SourceTitle "playchess.com"]
[Source "ChessBase"]
[SourceQuality "1"]

{[%evp 22,49,0,-2,0,3,6,4,9,0,2,0,6,0,0,-19,-7,-49,-24,-40,-38,-109,-99,-95,-65,-65,-72,-68,-74,-69]} 1. d4 Nf6 2. Nf3 e6 3. e3 b6 4. Bd3 Bb7 5. O-O d5 6. b3 Bd6 7. Bb2 O-O 8. c4 Nbd7 9. Nc3 a6 10. Rc1 Qe7 11. Na4 dxc4 12. bxc4 c5 {E14: Queen's Indian: Classical Variation (4 e3)} 13. Ne5 Rab8 (13... Rad8 14. f4 cxd4 15. exd4 Ba3 16. Qb3 Bxb2 17. Qxb2 Rb8 18. Rce1 b5 19. cxb5 axb5 20. Bxb5 {0-1 (59) Franco Ocampos,Z (2507)-Delgado Ramirez,N (2609) Asuncion 2015}) 14. Qe2 Ba8 $146 {The position is equal.} ({Predecessor:} 14... Bc7 15. f4 Ne4 16. Rcd1 Rfd8 17. Bc2 f5 18. Nc3 Nxc3 19. Bxc3 Nf6 20. d5 {½-½ (44) Batsiashvili,N (2489)-Pogonina,N (2492) Khanty-Mansiysk 2016}) 15. f4 Ne4 16. Nc3 Nxc3 17. Bxc3 Nf6 18. Qc2 b5 19. Be1 bxc4 20. Nxc4 cxd4 21. e4 {[#]} (21. exd4 $15 Qd7 22. f5 (22. Nxd6 Qxd6 23. Kh1 Qa3 $15)) 21... Ba3 $1 $17 {[%cal Ra3c1]} 22. Rb1 Rxb1 23. Qxb1 Bc5 {Strongly threatening ...Nxe4!} 24. Bh4 {e5 is the strong threat.} Qb7 25. Bxf6 {Precision: White = 47%, Black = 93%.} 1/2-1/2

[Event "36th Zalakaros Festival 2017"]
[Site "Zalakaros"]
[Date "2017.05.25"]
[Round "8"]
[White "Saptarshi, Roy"]
[Black "Swayams, Mishra"]
[Result "1/2-1/2"]
[WhiteElo "2407"]
[BlackElo "2448"]
[Annotator "TA"]
[PlyCount "95"]
[EventDate "2017.??.??"]
[EventType "swiss"]
[EventCountry "HUN"]
[SourceTitle "playchess.com"]
[Source "ChessBase"]
[SourceQuality "1"]

{[%evp 14,95,13,13,13,0,32,-29,-40,-18,-22,-108,-52,-50,-50,-50,-50,-50,-51,-54,-50,-50,-50,-50,-50,-50,-51,-50,-50,-51,-41,-41,-39,-42,-47,-54,-46,-97,-96,-85,-63,-79,-80,-91,-92,-94,-105,-108,-115,-118,-125,-127,-31,-171,-118,-122,-106,-89,-100,-93,-49,-55,-16,-15,-8,-29,-23,-28,0,0,0,0,0,0,0,0,0,0,0,0,0,0,0,0]} 1. e4 e6 2. d4 d5 3. Nc3 Nf6 4. Bg5 Bb4 5. Nge2 h6 6. Bxf6 Qxf6 7. a3 {C12: French: Classical System: McCutcheon Variation} Ba5 8. Qd3 {LiveBook: 4 Games} (8. e5 Qe7 9. b4 Bb6 10. Na4 O-O 11. Nf4 Bd7 12. c3 Bxa4 13. Qxa4 Nc6 14. Qd1 f6 {½-½ (105) Sanal,V (2460)-Volkov,S (2618) Moscow 2015}) 8... O-O 9. Qe3 $146 ({Predecessor:} 9. e5 Qe7 10. h4 c5 11. dxc5 Nc6 12. f4 f6 13. b4 Bc7 14. exf6 Qxf6 {½-½ (36) Saptarshi,R (2419)-Saurabh,K (2249) Nagpur 2012}) 9... Bxc3+ 10. Qxc3 (10. Nxc3 $14 c5 11. O-O-O (11. dxc5 $2 d4 $19)) 10... dxe4 $11 11. Qxc7 Nc6 12. c3 {[#]} (12. Nc3 $1 $11 {keeps the balance.}) 12... Rd8 (12... e5 $1 $17 13. d5 Ne7) 13. Qf4 $1 $15 Qxf4 14. Nxf4 e5 15. dxe5 Nxe5 16. Be2 Bf5 17. Rd1 Rxd1+ 18. Kxd1 g5 19. Nh5 Bg6 20. Nf6+ Kg7 21. Ng4 Nc6 22. Ne3 f5 {[%cal Bf7f5,Bf5f4][%mdl 32]} 23. Kc1 Rd8 24. Nc4 Bf7 25. Ne3 (25. Rd1 $15) 25... f4 $17 26. Nc2 Bb3 27. Re1 Kf6 28. Bb5 Bxc2 29. Kxc2 Kf5 30. Bxc6 bxc6 {[%mdl 4096] Endgame KR-KR} 31. b4 h5 32. a4 a6 (32... h4 $17 {And now ...h3! would win.} 33. Rd1 Rf8) 33. a5 (33. Rb1 $15) 33... h4 (33... Ke5 $19 34. Kc1 {[#]} c5 $1 {[%mdl 512]}) 34. c4 Ke5 35. b5 cxb5 36. cxb5 Rc8+ 37. Kd2 $1 axb5 {Hoping for ...Ra8.} (37... h3 $5 38. gxh3 axb5 $11) 38. Rb1 Rb8 39. Rb4 $1 Kd5 40. a6 $1 Rb6 (40... Rd8 $5 {[%cal Rd5c5]} 41. Kc3 Rc8+ 42. Kd2 Rd8 $11) 41. a7 {The position is equal.} Ra6 42. Rxb5+ Kc4 43. Rb7 Ra2+ 44. Kd1 Kc3 45. Rc7+ Kd3 {...Ra1+ is the strong threat.} 46. Rd7+ Kc3 47. Rc7+ Kd3 {aiming for ...Ra1+.} 48. Rd7+ {Precision: White = 58%, Black = 56%.} 1/2-1/2

[Event "36th Zalakaros Festival 2017"]
[Site "Zalakaros"]
[Date "2017.05.25"]
[Round "8"]
[White "Meszaros, Tamas"]
[Black "Rahul Srivatshav P"]
[Result "1-0"]
[WhiteElo "2401"]
[BlackElo "2303"]
[Annotator "NA"]
[PlyCount "113"]
[EventDate "2017.??.??"]
[EventType "swiss"]
[EventCountry "HUN"]
[SourceTitle "playchess.com"]
[Source "ChessBase"]
[SourceQuality "1"]
[TimeControl "40/5400+30:1800+30"]

1. e4 {[%emt 0:00:06]} e6 {[%emt 0:01:07]} 2. d4 {[%emt 0:01:40]} d5 {[%emt 0:00:12]} 3. Nd2 {[%emt 0:00:05]} Be7 {[%emt 0:00:08]} 4. Ngf3 {[%emt 0:01:15]} Nf6 {[%emt 0:00:14]} 5. e5 {[%emt 0:00:20]} Nfd7 {[%emt 0:00:16]} 6. Bd3 {[%emt 0:00:22]} c5 {[%emt 0:00:08]} 7. c3 {[%emt 0:00:06]} Nc6 {[%emt 0:00:09]} 8. O-O {[%emt 0:00:07]} g5 {[%emt 0:00:05]} 9. dxc5 {[%emt 0:00:47]} g4 {[%emt 0:00:08]} 10. Nd4 {[%emt 0:00:18]} Ndxe5 {[%emt 0:00:47]} 11. Bb5 {[%emt 0:06:45]} Bd7 {[%emt 0:01:16]} 12. N2b3 {[%emt 0:18:17]} h5 {[%emt 0:00:14]} 13. f4 {[%emt 0:10:50]} gxf3 {[%emt 0:20:12]} 14. Nxf3 {[%emt 0:01:14]} Qc7 {[%emt 0:11:09]} 15. Bf4 {[%emt 0:11:20]} Nxf3+ {[%emt 0:05:43]} 16. Qxf3 {[%emt 0:00:15]} e5 {[%emt 0:00:09]} 17. Bg3 {[%emt 0:15:01]} Be6 {[%emt 0:02:13]} 18. Rae1 {[%emt 0:16:46]} f6 {[%emt 0:01:11]} 19. Nd4 {[%emt 0:01:03]} Bd7 {[%emt 0:17:14]} 20. Qxd5 {[%emt 0:02:40]} Nxd4 {[%emt 0:03:16]} 21. Bxd7+ {[%emt 0:05:07]} Qxd7 {[%emt 0:00:01]} 22. Qxd7+ {[%emt 0:00:15]} Kxd7 {[%emt 0:00:04]} 23. cxd4 {[%emt 0:00:04]} exd4 {[%emt 0:00:10]} 24. Rf5 {[%emt 0:02:39]} a5 {[%emt 0:03:28]} 25. Bf2 {[%emt 0:03:24]} Rae8 {[%emt 0:03:15]} 26. Bxd4 {[%emt 0:01:08]} Bxc5 {[%emt 0:00:20]} 27. Rd5+ {[%emt 0:00:47]} Bd6 {[%emt 0:00:01]} 28. Rd1 {[%emt 0:00:28]} Kc6 {[%emt 0:02:10]} 29. Rxa5 {[%emt 0:00:47]} Re2 {[%emt 0:02:17]} 30. Rc1+ {[%emt 0:00:04]} Kd7 {[%emt 0:00:18]} 31. Rb5 {[%emt 0:00:39]} Rg8 {[%emt 0:01:03]} 32. Rxb7+ {[%emt 0:00:04]} Ke6 {[%emt 0:00:07]} 33. Bf2 {[%emt 0:00:14]} Be5 {[%emt 0:01:32]} 34. Rb6+ {[%emt 0:01:29]} Kf5 {[%emt 0:00:18]} 35. Rf1 {[%emt 0:00:26]} Ke4 {[%emt 0:02:14]} 36. Rb4+ {[%emt 0:00:11]} Kd3 {[%emt 0:00:01]} 37. Rd1+ {[%emt 0:00:38]} Kc2 {[%emt 0:00:34]} 38. Rd5 {[%emt 0:00:12]} Kb1 {[%emt 0:01:51]} 39. a4 {[%emt 0:01:05]} Rc8 {[%emt 0:00:09]} 40. Rd1+ {[%emt 0:00:00]} Ka2 {[%emt 0:00:04]} 41. Rh4 {[%emt 0:15:02]} Rcc2 {[%emt 0:02:35]} 42. Rf1 {[%emt 0:00:28]} Rcd2 {[%emt 0:04:09]} 43. b4 {[%emt 0:04:13]} Bb8 {[%emt 0:01:07]} 44. g3 {[%emt 0:00:50]} Kb3 {[%emt 0:01:27]} 45. a5 {[%emt 0:02:32]} f5 {[%emt 0:01:10]} 46. a6 {[%emt 0:02:34]} Ra2 {[%emt 0:00:16]} 47. b5 {[%emt 0:02:04]} Red2 {[%emt 0:01:26]} 48. Rxh5 {[%emt 0:00:26]} f4 {[%emt 0:00:26]} 49. gxf4 {[%emt 0:01:27]} Bxf4 {[%emt 0:00:33]} 50. a7 {[%emt 0:00:25]} Rd7 {[%emt 0:01:24]} 51. Rh3+ {[%emt 0:01:00]} Kc2 {[%emt 0:00:21]} 52. Rh8 {[%emt 0:00:09]} Rg7+ {[%emt 0:01:04]} 53. Kh1 {[%emt 0:00:04]} Kd3 {[%emt 0:00:16]} 54. a8=Q {[%emt 0:00:36]} Rxa8 {[%emt 0:00:02]} 55. Rxa8 {[%emt 0:00:06]} Ke2 {[%emt 0:00:08]} 56. Raa1 {[%emt 0:00:06]} Rh7 {[%emt 0:00:03]} 57. Bg1 {[%emt 0:00:20]} 1-0